[Event "Alzira op 12th"]
[Site "Alzira"]
[Date "2022.12.30"]
[Round "8"]
[White "Crespo Calatayud, Santiago"]
[Black "Escriba Martinez, Sergi"]
[Result "0-1"]
[WhiteElo "1688"]
[BlackElo "1352"]
[PlyCount "49"]
[EventDate "2022.12.27"]
[EventType "swiss"]
[EventRounds "8"]
[EventCountry "ESP"]
[SourceTitle "CBM 212 Extra"]
[Source "ChessBase"]
[SourceDate "2023.03.31"]
[SourceVersion "1"]
[SourceVersionDate "2023.03.31"]
[SourceQuality "1"]

1. d4 Nf6 2. Bf4 e6 3. e3 d5 4. Nf3 Bd6 5. Ne5 0-0 6. Nd2 c5 7. c3 Nc6 8. Bd3 Qc7 9. Ndf3 cxd4 10. exd4 Ne4 11. Bxe4 dxe4 12. Ng5 f6 13. Nxe4 fxe5 14. Bg3 b6 15. 0-0 Bb7 16. Qg4 Rae8 17. Rad1 Nd8 18. Nxd6 Qxd6 19. Bxe5 Qe7 20. Rfe1 Nc6 21. Bg3 Qf7 22. Re3 Qf5 23. Qe2 Nd8 24. c4 Qg6 25. Bd6 0-1

[Event "Alzira op 12th"]
[Site "Alzira"]
[Date "2022.12.27"]
[Round "1"]
[White "Donate Moreno, David"]
[Black "Escriba Martinez, Sergi"]
[Result "1-0"]
[WhiteElo "1855"]
[BlackElo "1352"]
[PlyCount "51"]
[EventDate "2022.12.27"]
[EventType "swiss"]
[EventRounds "8"]
[EventCountry "ESP"]
[SourceTitle "CBM 212 Extra"]
[Source "ChessBase"]
[SourceDate "2023.03.31"]
[SourceVersion "1"]
[SourceVersionDate "2023.03.31"]
[SourceQuality "1"]

1. e4 c6 2. d4 d5 3. exd5 cxd5 4. Bd3 Qc7 5. Nc3 Nf6 6. Nb5 Qb6 7. Bf4 Na6 8. a4 Bd7 9. Nf3 Bg4 10. h3 Bxf3 11. Qxf3 e6 12. g4 h6 13. Qg3 Rc8 14. c3 Be7 15. 0-0 0-0 16. Be5 Nd7 17. a5 Qd8 18. Bd6 Bxd6 19. Nxd6 Rb8 20. Nb5 Ra8 21. h4 b6 22. g5 hxg5 23. hxg5 g6 24. Kg2 bxa5 25. Rh1 Kg7 26. Rh7+ 1-0